| Tag |
First Indicator |
Second Indicator |
Subfields |
| LEADER |
00000cam a2200000 4500 |
| 001 |
in00000050589 |
| 005 |
20151007071923.0 |
| 008 |
800321s1953 cl a b 00000 spa |
| 010 |
|
|
|a 57044798
|
| 035 |
|
|
|a (OCoLC)06111735
|
| 035 |
|
|
|9 AAE6883AM
|
| 040 |
|
|
|a DLC
|c FGM
|d TXA
|d UtOrBLW
|
| 049 |
|
|
|a TXAM
|c [324886]
|
| 050 |
|
0 |
|a QL615
|b .B8
|
| 092 |
|
|
|a 597
|b B928f, 1953
|
| 100 |
1 |
|
|a Buen y Lozano, Fernando de,
|d 1896-
|
| 245 |
1 |
4 |
|a Las familias de peces de importancia economica.
|
| 264 |
|
1 |
|a Santiago de Chile :
|b Oficina Regional de la FAO, Organizacion de las Naciones Unidas para la Agricultura y la Alimentacion,
|c [1953]
|
| 300 |
|
|
|a 311 pages :
|b illustrations ;
|c 23 cm.
|
| 336 |
|
|
|a text
|b txt
|2 rdacontent
|
| 337 |
|
|
|a unmediated
|b n
|2 rdamedia
|
| 338 |
|
|
|a volume
|b nc
|2 rdacarrier
|
| 490 |
0 |
|
|a Cursos de capacitacion pesquera
|
| 504 |
|
|
|a Includes bibliographies.
|
| 650 |
|
0 |
|a Fishes.
|
| 650 |
|
0 |
|a Zoology, Economic.
|
| 944 |
|
|
|a stk
|h REPL<58960>REP-SAME<>REF<rmcgeach>
|m Replacement on order
|
| 999 |
|
|
|a MARS
|
| 999 |
f |
f |
|s fa78998e-ea7b-3a88-b49e-0d9f76c228c9
|i 91ea8828-01a8-3c92-8224-f02c9857b056
|t 0
|
| 952 |
f |
f |
|p ric
|a Texas A&M University
|b Rellis Campus
|c Joint Library Facility
|d Remote Storage
|t 0
|e QL615 .B8
|h Library of Congress classification
|i unmediated -- volume
|m A14836627887
|
| 998 |
f |
f |
|a QL615 .B8
|t 0
|l Remote Storage
|